000 00601cam a2200205ua 4500
001 1505
008 110711n ii |||gr||||Z||||||eng
020 _a81-7117-094-3
040 _cMAIN
082 _a338.9541
100 1 _aSaikia, P. D.,
245 1 _aConstraints of economic development in north esat india :
_bProblems & prospects /
_cby P. D. saikia
250 _a1st.
260 _aNew Delhi:
_bOmsons Publications,992.
300 _a159p:
_c23cm.
653 _aEconomics
653 _aConstraints of economics development in north east india
700 _aBorah, Durgeswar,
942 _cBK
999 _c1394
_d1394